[Event "BCF-ch Weekend op"]
[Site "Bournemouth"]
[Date "2016.07.31"]
[Round "4"]
[White "Faulkner, David J"]
[Black "O'Gorman, Brendan"]
[Result "1/2-1/2"]
[WhiteElo "2160"]
[BlackElo "1805"]
[PlyCount "41"]
[EventDate "2016.07.29"]
[EventType "swiss"]
[EventRounds "5"]
[EventCountry "ENG"]
[SourceTitle "CBM 173 Extra"]
[Source "ChessBase"]
[SourceDate "2016.08.29"]
[SourceVersion "1"]
[SourceVersionDate "2016.08.29"]
[SourceQuality "1"]

1. Nf3 d5 2. g3 Bg4 3. Bg2 Nd7 4. c4 c6 5. cxd5 cxd5 6. Nc3 e6 7. 0-0 Ngf6 8. d3 Be7 9. h3 Bxf3 10. Bxf3 0-0 11. d4 Rc8 12. Bf4 Nb6 13. Qd3 Qd7 14. Rfd1 Rfd8 15. Rac1 a6 16. Kg2 Na4 17. Nxa4 Qxa4 18. a3 Qd7 19. Bg5 h6 20. Bxf6 Bxf6 21. e3 1/2-1/2